000 00429nam a2200121Ia 4500
008 220615s9999||||xx |||||||||||||| ||und||
100 _aMohammed Muzibur Rahman
245 0 _aNanomaterials
546 _aEnglish[eng]
650 _aCondensed Matter Physics||Physical Sciences||Engineering and Technology||Material Science||Nanotechnology and Nanomaterials
856 _uhttps://www.intechopen.com/books/nanomaterials
942 _cEB
999 _c18260
_d18260